000 00858nam a22002051 4500
001 105255
003 ES-MaACL
005 20250810063032.0
007 t|
008 060620s1947 sp ||||0| spa d
016 7 _zIND9200524190
040 _aM-BN
_bspa
_cA2
100 1 _aLópez Ortiz, José,
_d1898-1992
_973849
245 1 3 _aEL regalismo indiano en el "Govierno eclesiástico- pacífico" de Don Fr. Gaspar de Villarroel, O.S.A. Obispo de Santiago de Chile /
_cDiscurso... 12 de Mayo de 1947, en su recepción pública por el Excmo. y Rvmo. Sr. D. Fr. José López Ortiz y contestación del Excmo. Sr. D. Xavier Cabello Lapiedra.
260 _aMadrid :
_b[s.n.],
_c1947 (
_fImp. Vda. de Galo Sèz)
300 _a87 p ;
_c24 cm.
700 1 _aCabello Lapiedra, Javier.
_933179
852 _aES-MaACL
_j1866-F-19
999 _c105255
_d105255